Encuentro con la poesía premiada de Tobías Díaz Blaitry /

Guardat en:
Dades bibliogràfiques
Autor principal: Moreno Davis, Julio César 1938
Format: Desconegut
Idioma:Spanish
Publicat: Panamá : Editorial Mariano Arosemena, 1994.
Col·lecció:Colección Ricardo Miró
Matèries:
Etiquetes: Afegir etiqueta
Sense etiquetes, Sigues el primer a etiquetar aquest registre!

MARC

LEADER 000000000a22000000004500
001 002189
008 200131b xxu||||| |||| 00| 0 spa d
041 0 |a español 
082 |a P864.44  |b M843e 
100 1 |a Moreno Davis, Julio César   |d 1938 
245 1 0 |a Encuentro con la poesía premiada de Tobías Díaz Blaitry /  |c Julio César Moreno Davis 
260 1 |a Panamá :  |b Editorial Mariano Arosemena,  |c 1994. 
300 |a 134 páginas 
490 |a Colección Ricardo Miró 
500 |a Premio ensayo 1993 del Concurso Literario Ricardo Miró 1993. 
650 4 |a LITERATURA PANAMEÑA  |9 52 
650 4 |a ENSAYOS 
942 |2 ddc  |c BK 
999 |c 22147  |d 22147